| 000 | 00679nam a2200181 a 4500 | ||
|---|---|---|---|
| 005 | 20140414093832.0 | ||
| 008 | 020926s19uu xx 00 eng d | ||
| 050 |
_aVHS 900 _bOR 13 |
||
| 100 | _aTime Life | ||
| 245 |
_aAfrica _ba history denied |
||
| 260 |
_aSingapore _bTime Life Asia _cc1995 |
||
| 300 | _a48 mins. | ||
| 500 | _anarrrated by Sam Waterston | ||
| 520 | _aCloaked in darkness since medieval times, the spectacular ruins of the once dazzling, southern African kingdom of Great Zimbabwe posed a thorny dilemma for white settlers who claimed to have discovered the region a mere hundred years before. | ||
| 650 | _aHistory | ||
| 942 | _cAVM | ||
| 999 |
_c108803 _d108803 |
||